Beloved enemies: race and official mestizo nationalism in Nicaragua /

Este artículo analiza la persistencia del discurso oficial nacionalista mestizo en Nicaragua, pese a que en 1986 se adoptaran derechos multiculturales para ciudadanos indígenas y negros. Estas reformas parecen contradecir de manera directa las ideologías nacionalistas previamente dominantes, particu...

Description complète

Enregistré dans:
Détails bibliographiques
Auteur principal: Hooker, Juliet
Format: Texte
Sujets:
Tags: Ajouter un tag
Pas de tags, Soyez le premier à ajouter un tag!

MARC

LEADER 00000 a a2200000 04500
001 9275
003
040
100 |a Hooker, Juliet  
245 |a Beloved enemies:   |b race and official mestizo nationalism in Nicaragua /  |c Juliet Hooker 
520 |a Este artículo analiza la persistencia del discurso oficial nacionalista mestizo en Nicaragua, pese a que en 1986 se adoptaran derechos multiculturales para ciudadanos indígenas y negros. Estas reformas parecen contradecir de manera directa las ideologías nacionalistas previamente dominantes, particularmente la idea de que Nicaragua era una nación uniformemente poblada por mestizos. Los autores dicen encontrar actualmente en Nicaragua, un continuo proceso de negociación y de contestación entre las tres variantes del discurso nacionalista mestizo: vanguardismo, Sandinismo y "multiculturalismo mestizo", lo cuales emergieron en las décadas de 1930, 1960 y 1990. respectivamente. Este artículo traza las continuidades entre estas distintas pero mutuamente ligadas posiciones de la identidad y de la historia nacional nicaragüense, y la manera en que estas operan limitando la inclusión política de las poblaciones indígenas y costeñas.-  
650 |a MESTIZOS  
650 |a POBLACION INDIGENA  
650 |a NEGROS  
650 |a DISCURSOS  
650 |a EXCLUSION SOCIAL  
650 |a REFORMA LEGAL  
650 |a RELACIONES DE PODER  
650 |a NICARAGUA  
773 |g volumen 40, número 3; páginas 14-39  
999 |c 32656  |d 32656